000 00260nam a2200109Ia 4500
008 190216s9999||||xx |||||||||||||| ||und||
100 _a"Julius Lunt, Arther H Ripley"
245 0 _aManual Of Cost Accounts
260 _bNull
_c1946
300 _a250p
942 _cBK
999 _c4445
_d4445